North American Teams With Longest Droughts - Statistics

General Stats
  • This quiz has been taken 69 times
    31 since last reset
  • The average score is 14 of 21
Answer Stats
Drought League Team % Correct
1908-2016 (108 years) MLB Chicago Cubs
92%
1918-2004 (86 years) MLB Boston Red Sox
88%
1917-2005 (88 years) MLB Chicago White Sox
80%
1964-present (61 years) NFL Cleveland Browns
76%
1951-present (74 years) NBA Sacramento Kings
76%
1947-present (78 years) NFL Arizona Cardinals
72%
1948-present (77 years) MLB Cleveland Guardians
72%
1957-present (68 years) NFL Detroit Lions
72%
1954-2010 (56 years) MLB San Francisco Giants
68%
1967-present (58 years) NHL Toronto Maple Leafs
68%
1971-2021 (50 years) NBA Milwaukee Bucks
64%
1968-present (57 years) NFL New York Jets
64%
1973-present (52 years) NBA New York Knicks
64%
1960-2017 (57 years) NFL Philadelphia Eagles
64%
1969-2019 (50 years) NFL Kansas City Chiefs
60%
1973-present (52 years) NFL Miami Dolphins
60%
1924-1987 (63 years) MLB Minnesota Twins
60%
1940-1994 (54 years) NHL New York Rangers
56%
1958-present (67 years) NBA Atlanta Hawks
48%
1961-2010 (49 years) NHL Chicago Blackhawks
48%
1975-present (50 years) NHL Philadelphia Flyers
48%
No matching quizzes found
Score Distribution
Percent of People with Each Score
Percentile by Number Answered
Your Score History
You have not taken this quiz since the last reset